Générique - Scooby-doo - Statistiques

Statistiques générales
  • Ce quiz a été pris 964 fois
  • Le résultat moyen est 69 sur 90
Statistiques - réponses
Hint Réponse % Correct
Scooby-doo?
98%
Scooby-doo?
98%
Scooby-doo?
98%
Scooby-doo?
98%
Scooby-doo?
98%
Scooby-doo?
98%
Scooby-doo?
98%
mystère
94%
mystère
94%
mystère
94%
on
93%
on
93%
on
93%
on
93%
On
93%
va
93%
va
93%
ce
92%
ce
92%
ce
92%
résoudre
92%
résoudre
92%
résoudre
92%
à
90%
à
90%
partout
90%
partout
90%
partout
90%
te
90%
te
90%
te
90%
de
89%
de
89%
chanson Quoi
89%
Quoi
89%
Quoi
89%
Quoi
89%
Quoi
89%
Quoi
89%
suit
88%
suit
88%
suit
88%
Nous
87%
Nous
87%
Nous
87%
Les
84%
Les
84%
tout
83%
tout
83%
tout
83%
après
79%
après
79%
d'neuf
77%
d'neuf
77%
d'neuf
77%
d'neuf
77%
d'neuf
77%
d'neuf
77%
indices
77%
indices
77%
indices
77%
mon
73%
mon
73%
chou
70%
chou
70%
toi
69%
toi
69%
toi
69%
la
66%
conduisent
59%
conduisent
59%
et
54%
tu
54%
tu
54%
biscuits
52%
au
51%
piste
51%
bout
50%
vas
46%
c'est
45%
t'attendent
45%
d'autres
44%
es
44%
44%
trouver
44%
tes
42%
Pas
40%
répit
35%
faut
32%
Force
14%
Aucun quiz correspondant
Distribution des résultats
% des personnes avec chaque résultat
Percentile par nombre de réponses
Votre historique - résultats
Vous n’avez pas pris ce quiz